Towards universal man. (Record no. 22670)

MARC details
000 -LEADER
fixed length control field 00374cam a22001211 4500
082 ## - DEWEY DECIMAL CLASSIFICATION NUMBER
Classification number 181.4
Author Cutter TAG
100 1# - MAIN ENTRY--AUTHOR NAME
Author name Tagore, Rabindranath,
245 10 - TITLE STATEMENT
Title Towards universal man.
260 ## - PUBLICATION, DISTRIBUTION, ETC. (IMPRINT)
Place of publication Bombay ;
-- New York :
Name of publisher Asia Pub. House,
Year of publication [1961]
300 ## - PHYSICAL DESCRIPTION
Number of Pages 387 p. :
Other physical details illus. ;
650 ## - SUBJECT ADDED ENTRY--TOPICAL TERM
Topical Term Tagore, Rabindranath, -- 1861-1941.
-- Philosophy, Indic.
-- Education -- Philosophy.
942 ## - ADDED ENTRY ELEMENTS (KOHA)
Koha item type Books
Holdings
Home library Current library Shelving location Date acquired Full call number Accession Number Koha item type
Henry Martyn Institute Library Henry Martyn Institute Library General stacks 06/19/2019 181.4 TAG 013207 E-Books
                   Copyright © 2026 | Henry Martyn Institute | Hyderabad | TS-500052 | INDIA | Implemented by hmi.edu.in
Hit-Count:

Powered by Koha